| 000 | 00471nam a22001817a 4500 | ||
|---|---|---|---|
| 999 |
_c11167 _d11167 |
||
| 003 | OSt | ||
| 008 | 220418b ||||| |||| 00| 0 eng d | ||
| 020 | _a9788131526354 | ||
| 082 | _a491.423 ABG | ||
| 100 | _aABRAMS, M.H. | ||
| 245 | _aGlossary of Literary Terms | ||
| 250 | _a11th Edition | ||
| 260 |
_aDelhi _bCengage Learning India Ltd. _c2021 |
||
| 300 | _a430 | ||
| 650 | _aGlossary of Literary Terms | ||
| 700 | _aHARPHAM, Geoffrey. Galt | ||
| 942 |
_2ddc _cBK _01 |
||